00334nam a2200145Ia 4500003000400000005001700004008004100021040000900062082001500071100002000086245003700106260002500143300000900168650001100177OSt20210826123021.0190216s9999||||xx |||||||||||||| ||und|| coclc a297bNAV/S aNavavi, Basheer 0aSahihul Muslim /cBasheer Navavi bAbi Haiyyam, c1995. a420p aArabic